Croatian football players in Premier League - Statistics

General Stats
  • This quiz has been taken 78 times
  • The average score is 16 of 29
Answer Stats
Hint Answer % Correct
Manchester City – 2023-? Joško Gvardiol
94%
Chelsea, Manchester City – 2018–? Mateo Kovačić
93%
Southampton, Liverpool – 2013–20 Dejan Lovren
91%
Tottenham Hotspur – 2008–12 Luka Modrić
91%
Arsenal, West Ham United – 1999–2001 Davor Šuker
84%
Tottenham Hotspur – 2022–2024 Ivan Perišić
84%
Manchester City, Tottenham Hotspur – 2007–12 Vedran Ćorluka
74%
Everton, West Ham United – 2017–18, 2021–22 Nikola Vlašić
69%
Southampton – 2022–23 Mislav Oršić
66%
Portsmouth, Tottenham Hotspur, Queens Park Rangers – 2006–12, 2014–15 Niko Kranjčar
65%
Leicester City – 2014–16 Andrej Kramarić
63%
Arsenal – 2007–08, 2009–10 Eduardo
63%
Southampton – 2022–23 Duje Ćaleta-Car
57%
West Ham United, Everton – 1995–99 Slaven Bilić
57%
Everton, Hull City, West Ham United – 2011–16 Nikica Jelavić
56%
Derby County, West Ham United – 1996–2001 Igor Štimac
50%
Blackburn Rovers – 2009–11 Nikola Kalinić
50%
Liverpool – 2000–05 Igor Bišćan
49%
Chelsea – 2000–04 Mario Stanić
47%
Aston Villa – 2001–02 Boško Balaban
44%
Middlesbrough – 2000–03 Alen Bokšić
43%
Bolton Wanderers – 2009–12 Ivan Klasnić
40%
Fulham, West Ham United – 2012–14 Mladen Petrić
38%
West Bromwich Albion – 2020–21 Filip Krovinović
37%
Derby County – 1996–98 Aljoša Asanović
32%
Nottingham Forest – 1996–97 Nikola Jerkan
32%
Newcastle United – 1998–2000 Silvio Marić
31%
Portsmouth – 2003–04, 2005–06 Ivica Mornar
29%
Portsmouth – 2003–04 Boris Živković
16%
No matching quizzes found
Score Distribution
Percent of People with Each Score
Percentile by Number Answered
Your Score History
You have not taken this quiz